Mechanical molded goods: Neoprene and hypalas (Record no. 24227)

MARC details
000 -LEADER
fixed length control field 00295nam a2200109Ia 4500
082 ## - DEWEY DECIMAL CLASSIFICATION NUMBER
Classification number 678.763.2
Item number THO
100 ## - MAIN ENTRY--AUTHOR NAME
Personal name Thompson, D C
245 #0 - TITLE STATEMENT
Title Mechanical molded goods: Neoprene and hypalas
260 ## - PUBLICATION, DISTRIBUTION, ETC. (IMPRINT)
Place of publication Wilmington
Name of publisher EIDu Pont
Year of publication 1955
942 ## - ADDED ENTRY ELEMENTS (KOHA)
Koha item type Reference
Holdings
Withdrawn status Lost status Damaged status Not for loan Home library Current library Date acquired Full call number Accession Number Koha item type
        RRII Library RRII Library 16/12/2021 678.763.2 THO 04911 Books